[Event "GER-ch Youth U14 2020"]
[Site "Willingen"]
[Date "2020.10.24"]
[Round "7.5"]
[White "Rempe, Jonas"]
[Black "Costa, Leonardo"]
[Result "0-1"]
[WhiteElo "1925"]
[BlackElo "2165"]
[Annotator "TA"]
[PlyCount "60"]
[EventDate "2020.10.20"]
[EventType "swiss"]
[EventRounds "7"]
[EventCountry "GER"]
[SourceTitle "playchess.com"]
[Source "ChessBase"]
[SourceQuality "1"]

{[%evp 14,60,35,28,30,11,48,37,63,25,47,15,25,22,18,27,44,0,68,66,66,8,1,0,1,0,0,0,0,0,1,2,6,-139,-90,-100,-18,-331,-356,-354,-348,-339,-272,-392,-88,-532,-524,-886,-818]} 1. e4 c6 2. d4 d5 3. Nd2 dxe4 4. Nxe4 Nf6 5. Nxf6+ exf6 6. c3 Bd6 7. Bd3 O-O 8. Qc2 Re8+ {B15: Caro-Kann: 3 Nc3: 3...g6 and 3...dxe4 4 Nxe4 Nf6 5 Nxf6+ exf6.} 9. Ne2 h5 (9... f5 $5) 10. O-O h4 {White is slightly better.} 11. Bf4 h3 12. Bxd6 {[#]} Qxd6 $146 ({Predecessor:} 12... hxg2 13. Rfe1 Qxd6 14. Ng3 Qd8 15. Qd2 Bh3 16. Qf4 Be6 17. Qh4 g6 18. Qh6 Nd7 19. Bxg6 fxg6 20. Qxg6+ {1-0 (30) Perera Alfonso,R (2354)-Larina,M (1948) chess.com INT 2020}) 13. Ng3 Na6 14. Rfe1 Be6 15. Re3 hxg2 (15... Nc7 $11) 16. Qe2 $14 g6 17. Re1 (17. Ne4 $14 Qd8 18. Bxa6 bxa6 19. Re1) 17... Nc7 $11 18. Ne4 Qe7 ({But not} 18... Qf4 $2 19. Rf3 $18) 19. Nc5 Nd5 20. Re4 f5 $36 {[%mdl 2048] Black fights for an advantage.} 21. Re5 $1 Nf4 22. Qe3 Qh4 {[#] Strongly threatening ...Nh3+.} 23. Nxe6 (23. Qg3 $11 {was the only way to keep the balance.} Qxg3 24. hxg3 Nxd3 25. Nxd3) 23... Rxe6 ({Not} 23... Nxe6 24. Bc4 $14) 24. Rxe6 Nxe6 (24... fxe6 $17 25. Bc4 Re8) 25. Bc4 $2 {[%mdl 8192] [#]} (25. Qg3 $11 {and White has nothing to worry.} Qh6 26. Bxf5) 25... Ng5 $1 $19 26. Kxg2 f4 27. Qd3 {Black must now prevent Qxg6+.} Qg4+ 28. Kh1 (28. Kf1 $142 Kg7 29. Re7) 28... Nh3 $2 (28... Nf3 $19 29. Qe4 Nxe1 30. Qxe1 f3) 29. Qe2 $2 {[%mdl 8192]} (29. Qf1 $17 {nothing else works.}) 29... f3 {[%csl Gf3][%cal Rg4g2]} 30. Bxf7+ Kxf7 {Av CentiPawn Loss W=-71/B=-32. Weighted=-77/-40} 0-1

[Event "GER-ch Youth U14 2020"]
[Site "Willingen"]
[Date "2020.10.24"]
[Round "7.6"]
[White "Huo, Da"]
[Black "Farokhi, Keyvan"]
[Result "0-1"]
[WhiteElo "1868"]
[BlackElo "2001"]
[Annotator "TA"]
[PlyCount "120"]
[EventDate "2020.10.20"]
[EventType "swiss"]
[EventRounds "7"]
[EventCountry "GER"]
[SourceTitle "playchess.com"]
[Source "ChessBase"]
[SourceQuality "1"]

{[%evp 13,120,-4,-8,-5,0,0,12,0,0,0,0,0,0,-12,-18,-14,-12,-20,-19,-35,-27,-34,-38,-41,-31,-90,-85,-85,-78,-78,-72,-83,-81,-92,-100,-96,-92,-97,-38,-39,-34,-104,-104,-120,-120,-153,-149,-155,-83,-112,-112,-112,-106,-111,-58,-60,-75,-53,0,0,0,0,0,0,0,0,0,0,0,0,0,-20,-24,-70,-39,-155,-150,-133,-140,-139,-15,-18,-53,-160,-152,-646,-429,-436,-491,-498,-504,-1205,-1143,-6275,-611,-565,-557,-529,-485,-474,-464,-746,-710,-5310,-763,-735,-727,-608,-572]} 1. e4 c6 2. Nc3 d5 3. Nf3 Bg4 4. h3 Bxf3 5. Qxf3 e6 6. exd5 cxd5 7. Bb5+ Nc6 {[%cal Bb8c6,Bc6b4,Bb4d3][%mdl 32]} 8. O-O {B11: Caro-Kann: Two Knights Variation.} Nf6 9. d4 Be7 10. Rd1 {The position is equal.} O-O 11. Ne2 {[#]} a6 $146 ({Predecessor:} 11... Rc8 12. c3 Na5 13. Bd3 a6 14. Nf4 Nc4 15. Nh5 b5 16. a4 Nxh5 17. Qxh5 g6 {1-0 (34) Friml,A (2093)-Vevera,R (2120) Czechia 2014}) 12. Bd3 Nb4 13. c3 Nxd3 14. Qxd3 b5 15. Bf4 Qb6 16. g4 b4 17. Kg2 bxc3 18. bxc3 Rfc8 19. f3 (19. Rdb1 $15 Qc6 20. Rb3) 19... Nd7 $17 20. Rdb1 Qc6 21. Rb3 Nb6 22. Rab1 Nc4 23. Rb7 Bd8 24. R7b3 Qa4 25. Nc1 Bc7 ({Better is} 25... h6 $17) 26. Bxc7 $15 Rxc7 27. Kg3 (27. Qe2 $15) 27... Rac8 $17 28. Rb4 Qa3 29. R4b3 Qd6+ 30. Kg2 Qc6 (30... e5 $142 {aiming for ...e4!} 31. dxe5 Nxe5) 31. Ne2 Qa4 32. Nc1 Qa5 33. Rb4 Nd6 (33... Rc6 $17 34. a4 Qd8) 34. R1b3 $15 Nb5 {[%cal Rb5c3]} 35. Qd2 Nxc3 ({Black should play} 35... Rc6 $15 36. Nd3 Qd8) 36. Rb8 $11 {Hoping for Ne2.} h6 37. a3 Rxb8 38. Rxb8+ Kh7 39. Rb3 $1 {[#] Strongly threatening Ne2.} e5 $1 {[%mdl 512]} 40. dxe5 Qc5 41. Nd3 Qd4 42. Qc2 Nb5 43. Qb1 $1 g6 {...Qe3 is the strong threat.} 44. h4 ({White should try} 44. Qb2 $1 $15) 44... Qe3 $1 $17 {Threatens to win with ...Nd4.} 45. Nf2 Qxe5 46. h5 d4 (46... Nd4 $17 47. hxg6+ Kg7) 47. hxg6+ fxg6 48. a4 (48. Qd3 $15) 48... Nc3 $36 {[%mdl 2112] Double Attack. Keeping White busy.} 49. Qd3 $2 {This move loses the game for White.} (49. Qb2 $17) 49... Nd5 {( -> ...Nf4+). Black is clearly winning.} 50. Qe4 Nf4+ 51. Kh2 Qd6 $1 {White must now prevent ...Nd3+.} 52. Rb1 (52. Rb6 $142 Qxb6 53. Qxf4) 52... Ne2+ $19 53. Kg2 Nc3 (53... Qg3+ $142 54. Kf1 d3 $1 {[%mdl 512]}) 54. Qd3 Nxb1 55. Qxb1 {[%mdl 4096] Endgame KQR-KQN} Qc6 56. Qb8 Rf7 57. Ne4 (57. Qb3 $142 Qb7 58. Qd3) 57... Qc2+ 58. Kg3 Qc7+ (58... Qd1 $142 59. Nf6+ Rxf6 60. Qc7+ {[#]} Kh8 $1 {[%mdl 512]} 61. Qb8+ Kg7 $1 {[%mdl 512]} 62. Qc7+ Rf7 63. Qe5+ Kh7 $1 {[%mdl 512]}) 59. Qxc7 Rxc7 60. Nf6+ Kh8 {Av CentiPawn Loss W=-75/B=-52. Weighted=-52/-66} 0-1

[Event "GER-ch Youth U14 2020"]
[Site "Willingen"]
[Date "2020.10.24"]
[Round "7.7"]
[White "Hommer, Jeremy"]
[Black "Stork, Christopher"]
[Result "1-0"]
[WhiteElo "2246"]
[BlackElo "1869"]
[Annotator "TA"]
[PlyCount "97"]
[EventDate "2020.10.20"]
[EventType "swiss"]
[EventRounds "7"]
[EventCountry "GER"]
[SourceTitle "playchess.com"]
[Source "ChessBase"]
[SourceQuality "1"]

{[%evp 19,97,33,38,39,90,71,104,70,73,72,73,87,92,91,112,119,111,95,210,208,212,211,215,217,222,221,227,182,207,205,205,139,341,318,331,298,328,297,281,228,228,228,228,228,288,286,289,277,288,286,297,264,287,282,422,417,403,341,472,418,549,537,460,0,587,567,661,654,666,654,713,702,941,926,1046,1103,1147,1106,1190,1145]} 1. g3 Nf6 2. Bg2 g6 3. e4 d6 4. d4 Bg7 5. Ne2 O-O 6. O-O c6 7. a4 a5 8. Nbc3 e5 9. h3 Nbd7 10. Be3 Qe7 11. Qd2 {B07: Pirc Defence: Miscellaneous Systems.} Re8 (11... exd4 $14 12. Bxd4 (12. Nxd4 Nc5 $14) 12... Nc5) 12. Rad1 $16 Nf8 {[#]} 13. d5 $146 {White is better.} ({Predecessor:} 13. Rfe1 h5 14. f4 exf4 15. Bxf4 N6h7 16. Kh1 g5 17. Be3 Ng6 18. Ng1 g4 19. h4 Nxh4 20. gxh4 Qxh4+ {0-1 (43) Ter Akopyan,B (1999)-Fruebing,S (2307) Schwaebisch Gmuend 2009}) 13... cxd5 14. Nxd5 Nxd5 15. Qxd5 Ra6 16. Nc3 Be6 17. Qd2 Rc8 18. Nb5 Bc4 (18... Qd7 $16 {was worth a try.}) 19. Nxd6 $18 Rxd6 20. Qxd6 Qxd6 21. Rxd6 Bxf1 22. Bxf1 Rxc2 23. Rb6 Ne6 24. Rxb7 Bf8 25. b3 {Strongly threatening Bc4.} Nc5 $2 {[#]} (25... Bc5 $16 {was necessary.}) 26. Rc7 Rc3 27. Bc4 Nxe4 28. Bxf7+ Kh8 29. Rxc3 Nxc3 {[%mdl 4096] Endgame KBB-KBN} 30. Bd2 Bb4 31. Bh6 Ne4 32. Bd5 Nf6 33. Bc4 Ne4 34. Kg2 Nd6 35. g4 Ne4 36. Kf3 Nf6 (36... Nc3 {was called for.} 37. h4 Bc5) 37. Ke2 Ne4 38. f3 Nf6 39. Kd3 Nd7 40. Ke4 Bc3 41. Kd3 $2 {[#]} (41. Kd5 $18) 41... Bd4 $2 {[%mdl 8192]} (41... Bb4 $1 $11 {and Black is okay.} 42. Kc2 Nc5) 42. Bd2 {White is clearly winning.} Bb6 43. Ke4 Kg7 44. Kd5 Bd4 45. Bxa5 Nf6+ 46. Ke6 h5 47. Bd8 Nh7 48. a5 hxg4 49. hxg4 {Av CentiPawn Loss W=-27/B=-58. Weighted=-24/-61} 1-0

[Event "GER-ch Youth U14 2020"]
[Site "Willingen"]
[Date "2020.10.24"]
[Round "7.8"]
[White "Schubert, Nikita"]
[Black "Haack, Kevin"]
[Result "1/2-1/2"]
[WhiteElo "1946"]
[BlackElo "2209"]
[Annotator "TA"]
[PlyCount "88"]
[EventDate "2020.10.20"]
[EventType "swiss"]
[EventRounds "7"]
[EventCountry "GER"]
[SourceTitle "playchess.com"]
[Source "ChessBase"]
[SourceQuality "1"]

{[%evp 13,88,0,0,0,26,26,14,19,39,5,16,9,12,20,18,29,18,-14,-22,-14,-16,-41,-19,-44,-29,-31,-35,-29,-29,-33,-27,-26,-28,-34,-36,-33,-32,-101,-98,-93,-15,-88,-8,-52,-17,-66,-18,-20,-16,-18,0,0,0,0,10,0,0,-7,-6,-5,0,0,10,0,0,0,0,0,2,0,1,0,27,0,23,0,67]} 1. d4 d5 2. c4 e6 3. Nf3 Nf6 4. g3 Bb4+ 5. Bd2 Be7 6. Bg2 O-O 7. O-O Nbd7 8. Qc2 {E11: Bogo-Indian.} Ne4 9. Nc3 Nxd2 10. Nxd2 c6 11. e4 dxc4 12. Nxc4 Nb6 13. Nxb6 Qxb6 14. Rfd1 e5 15. Na4 {[#]} (15. d5 $5 {[%cal Rd5d6]} Bg4 16. Rd3 $11) 15... Qc7 $146 ({Predecessor:} 15... Qa5 16. d5 Bg4 17. f3 Bd7 18. d6 Bg5 19. a3 Be3+ 20. Kh1 c5 21. Nc3 Bd4 {0-1 (30) Strybuk,A (2215)-Baskin,R (2390) chess.com INT 2020}) 16. dxe5 Qxe5 17. Kh1 Qc7 18. Rd2 Rd8 19. Rxd8+ Qxd8 20. Rd1 Qa5 21. a3 Bg4 $36 {[%mdl 2048] White is under pressure.} 22. f3 Be6 23. Bf1 Rd8 24. b4 Qc7 25. Rd3 (25. Nc5 $15) 25... Rxd3 $17 26. Qxd3 Qd7 (26... b5 $17 27. Nc5 Bc4) 27. Kg2 {[#]} (27. Nc5 $11 {remains equal.} Qxd3 28. Bxd3) 27... Kf8 (27... Qxd3 $1 $17 28. Bxd3 Bf6) 28. Kf2 b6 29. Ke3 Ke8 (29... Qe8 {with more complications.} 30. Nb2 c5 31. Qd2 Qc8 32. Kf2 Qc7) 30. f4 Qxd3+ (30... Bf6 {feels hotter.} 31. e5 Be7 32. Nb2 a5 33. Qxd7+ Kxd7 34. Nd3 axb4 35. axb4 Bf5) 31. Bxd3 $11 {[%mdl 4096] Endgame KBB-KBN} Bb3 32. Nb2 b5 33. Kd2 Bd8 34. Bc2 Be6 35. Nd3 Bb6 36. Nc5 Bxc5 37. bxc5 {KB-KB} a5 38. Kc3 Ke7 39. Kd4 f6 40. Bd1 Ba2 41. Bc2 Ke6 42. Bd1 g6 43. Bc2 f5 44. e5 b4 {Av CentiPawn Loss W=-11/B=-12. Weighted=-15/-15} (44... Bd5 $11) 1/2-1/2

[Event "GER-ch Youth U14 2020"]
[Site "Willingen"]
[Date "2020.10.24"]
[Round "7.9"]
[White "Kageler, Anton Paul"]
[Black "Hecht, Jonas Christian"]
[Result "0-1"]
[WhiteElo "1664"]
[BlackElo "1764"]
[Annotator "NA RC"]
[PlyCount "70"]
[EventDate "2020.10.20"]
[EventType "swiss"]
[EventRounds "7"]
[EventCountry "GER"]
[SourceTitle "playchess.com"]
[Source "ChessBase"]
[SourceQuality "1"]
[TimeControl "40/5400+30:1800+30"]

1. e4 {[%emt 0:00:00]} c5 {[%emt 0:00:00]} 2. Nf3 {[%emt 0:00:00]} Nc6 {[%emt 0:00:00]} 3. d4 {[%emt 0:00:04]} cxd4 {[%emt 0:00:00]} 4. Nxd4 {[%emt 0:00:15]} Nf6 {[%emt 0:00:00]} 5. Nc3 {[%emt 0:00:18]} e5 {[%emt 0:00:00]} 6. Ndb5 {[%emt 0:00:14]} d6 {[%emt 0:00:00]} 7. Bg5 {[%emt 0:00:20]} a6 {[%emt 0:00:16]} 8. Na3 {[%emt 0:00:11]} b5 {[%emt 0:00:05]} 9. Nd5 {[%emt 0:00:17]} Be7 {[%emt 0:00:22]} 10. Bxf6 {[%emt 0:00:30]} Bxf6 {[%emt 0:00:20]} 11. c3 {[%emt 0:00:13]} Bg5 {[%emt 0:04:41]} 12. Nc2 {[%emt 0:00:32]} Rb8 {[%emt 0:04:32]} 13. a4 {[%emt 0:17:32]} bxa4 {[%emt 0:07:01]} 14. Ncb4 {[%emt 0:07:47]} Bd7 {[%emt 0:12:22]} 15. Bxa6 {[%emt 0:14:14]} Na5 {[%emt 0:02:57]} 16. Qc2 {[%emt 0:06:39]} O-O {[%emt 0:08:31]} 17. O-O Nb3 {[%emt 0:08:54]} 18. Rad1 {[%emt 0:02:51]} Nc5 {[%emt 0:00:15]} 19. Bc4 {[%emt 0:02:13]} Kh8 {[%emt 0:13:40]} 20. Ne3 {[%emt 0:08:48]} Bxe3 {[%emt 0:02:10]} 21. fxe3 {[%emt 0:00:07]} Qg5 {[%emt 0:10:29]} 22. Rxd6 {[%emt 0:16:25]} Qxe3+ {[%emt 0:04:33]} 23. Kh1 {[%emt 0:00:25]} Bg4 {[%emt 0:02:22]} 24. Bd5 {[%emt 0:05:26]} f5 {[%emt 0:03:54]} 25. Qf2 {[%emt 0:03:27]} Qxf2 {[%emt 0:00:22]} 26. Rxf2 {[%emt 0:00:03]} fxe4 {[%emt 0:00:08]} 27. Rxf8+ {[%emt 0:00:47]} Rxf8 {[%emt 0:00:05]} 28. h3 {[%emt 0:03:02]} Bd1 {[%emt 0:02:23]} 29. Bc4 {[%emt 0:02:16]} Bb3 {[%emt 0:02:54]} 30. Bxb3 {[%emt 0:00:30]} axb3 {[%emt 0:01:41]} 31. Rd5 {[%emt 0:01:56]} Na4 {[%emt 0:00:57]} 32. Rxe5 {[%emt 0:01:40]} Nxb2 {[%emt 0:00:50]} 33. Rxe4 {[%emt 0:00:55]} g6 {[%emt 0:01:20]} 34. Re1 {[%emt 0:00:45]} Rd8 {[%emt 0:02:17]} 35. Kg1 {[%emt 0:04:04]} Nd1 {[%emt 0:00:12]} 0-1

[Event "GER-ch Youth U14 2020"]
[Site "Willingen"]
[Date "2020.10.24"]
[Round "7.10"]
[White "Bungarten, Jona"]
[Black "Fuhrmann, Bahne"]
[Result "1/2-1/2"]
[WhiteElo "1834"]
[BlackElo "1816"]
[Annotator "NA RC"]
[PlyCount "98"]
[EventDate "2020.10.20"]
[EventType "swiss"]
[EventRounds "7"]
[EventCountry "GER"]
[SourceTitle "playchess.com"]
[Source "ChessBase"]
[SourceQuality "1"]
[TimeControl "40/5400+30:1800+30"]

{[%evp 12,91,-19,-22,-17,-25,-8,-14,-1,0,-12,-25,-10,-3,-8,-7,13,13,31,47,43,35,66,32767,46,66,211,32767,32767,0,10,0,32767,32767,32767,32767,32767,20,9,32767,32767,0,32767,-47,32767,-74,0,32767,32767,0,0,32767,39,32767,32767,-62,32767,-575,115,0,32767,32767,32767,32767,32767,0,32767,32767,32767,32767,32767,32767,32767,32767,32767,32767,8,0,6,0,0,-48]} 1. e4 {[%emt 0:00:00]} e5 {[%emt 0:00:00]} 2. f4 {[%emt 0:00:00]} d5 {[%emt 0:00:00]} 3. exd5 {[%emt 0:00:00]} exf4 {[%emt 0:00:00]} 4. Nf3 {[%emt 0:00:00]} Nf6 {[%emt 0:00:05]} 5. Bc4 {[%emt 0:00:17]} Bd6 {[%emt 0:03:02]} 6. O-O {[%emt 0:01:20]} O-O $1 {[%emt 0:00:43]} 7. d4 {[%emt 0:01:11]} Bg4 {[%emt 0:01:41]} 8. Qd3 {[%emt 0:04:09]} c6 {[%emt 0:09:54]} 9. Nc3 {[%emt 0:04:26]} b5 {[%emt 0:05:22]} 10. Bb3 {[%emt 0:00:15]} b4 {[%emt 0:04:00]} 11. Ne2 {[%emt 0:00:13]} Nxd5 {[%emt 0:02:13]} 12. Bxd5 {[%emt 0:00:16]} cxd5 {[%emt 0:00:07]} 13. Nxf4 {[%emt 0:00:36]} Bxf4 {[%emt 0:04:56]} 14. Bxf4 {[%emt 0:00:08]} Nc6 {[%emt 0:02:05]} 15. Ng5 {[%emt 0:08:25]} g6 {[%emt 0:01:56]} 16. Qg3 {[%emt 0:01:35]} h5 {[%emt 0:05:01]} 17. c3 {[%emt 0:01:45]} bxc3 {[%emt 0:04:15]} 18. bxc3 {[%emt 0:00:40]} f6 {[%emt 0:01:16] [#]} (18... Ne7 $16 {was necessary.}) 19. Bd6 $2 {[%emt 0:05:05]} (19. Ne6 $1 $18 {[%cal Re6d8][%mdl 512]} Qd7 (19... Bxe6 20. Qxg6+) 20. Nxf8 Rxf8 21. Rae1) 19... Re8 {[%emt 0:05:57]} 20. Nf3 {[%emt 0:01:23]} Re3 {[%emt 0:07:16]} 21. Qf4 {[%emt 0:03:51]} Re6 {[%emt 0:10:13]} 22. Bc5 {[%emt 0:00:54]} Bxf3 {[%emt 0:07:16]} 23. Rxf3 {[%emt 0:00:53]} Qd7 {[%emt 0:02:48]} 24. Raf1 {[%emt 0:01:37]} Kg7 {[%emt 0:01:22]} 25. Qh4 {[%emt 0:06:14]} f5 {[%emt 0:04:51]} 26. Qg5 {[%emt 0:04:46]} Kh7 {[%emt 0:01:03]} 27. Rg3 {[%emt 0:02:04]} Qd8 {[%emt 0:01:59] [#]} 28. Qd2 $2 {[%emt 0:06:34]} (28. Rxf5 $1 $16 {[%mdl 512]} Qxg5 (28... gxf5 29. Qg7#) 29. Rfxg5) 28... Qf6 {[%emt 0:02:46]} (28... Na5 $1 $15) 29. Ba3 {[%emt 0:00:39]} Rae8 {[%emt 0:03:42]} 30. Bc1 {[%emt 0:02:10]} Qf8 {[%emt 0:00:09]} 31. Qg5 {[%emt 0:00:45]} Ne7 {[%emt 0:01:23]} (31... Nd8 $15) 32. Rh3 {[%emt 0:02:47]} Ng8 {[%emt 0:01:18]} 33. Bf4 {[%emt 0:03:51]} (33. g4 $1 $14 Qf6 34. gxf5 Qxg5+ 35. Bxg5 gxf5 $14 36. Rhf3 (36. Rxf5 Kg6 $11)) 33... Re1 {[%emt 0:02:06]} 34. Be5 $2 {[%emt 0:07:42]} (34. Rg3 $11 Rxf1+ 35. Kxf1) 34... Rxf1+ $2 {[%emt 0:00:18]} (34... R8xe5 $19 35. Rg3 Rxf1+ 36. Kxf1 Re6) 35. Kxf1 {[%emt 0:00:06]} Qh6 {[%emt 0:00:57]} 36. Bf4 {[%emt 0:03:00]} Qxg5 {[%emt 0:01:03]} 37. Bxg5 {[%emt 0:00:02]} Nh6 {[%emt 0:00:21]} 38. Re3 {[%emt 0:07:11]} Rxe3 {[%emt 0:00:52]} 39. Bxe3 {[%emt 0:00:07]} Ng4 {[%emt 0:00:03]} 40. Ke2 {[%emt 0:04:47]} Nxh2 {[%emt 0:02:39]} 41. c4 {[%emt 0:31:01]} dxc4 {[%emt 0:09:04]} 42. d5 {[%emt 0:00:00]} Ng4 {[%emt 0:01:21]} 43. Bxa7 {[%emt 0:00:00]} Nf6 {[%emt 0:06:10]} 44. d6 {[%emt 0:00:00]} Kg7 {[%emt 0:01:51]} 45. a4 {[%emt 0:00:00]} Kf7 {[%emt 0:04:22]} 46. Ke3 $15 {[%emt 0:00:00]} Ke6 {[%emt 0:04:07]} 47. Kd4 {[%emt 0:00:00]} Kxd6 {[%emt 0:01:32]} 48. Kxc4 {[%emt 0:00:00]} Kc6 {[%emt 0:00:41]} 49. Kd4 {[%emt 0:00:00]} Nd5 {[%emt 0:00:54]} 1/2-1/2

[Event "GER-ch Youth U14 2020"]
[Site "Willingen"]
[Date "2020.10.24"]
[Round "7.11"]
[White "Halabi, Ibrahim"]
[Black "Ermitsch, Magnus"]
[Result "1-0"]
[WhiteElo "1895"]
[BlackElo "2049"]
[Annotator "TA"]
[PlyCount "99"]
[EventDate "2020.10.20"]
[EventType "swiss"]
[EventRounds "7"]
[EventCountry "GER"]
[SourceTitle "playchess.com"]
[Source "ChessBase"]
[SourceQuality "1"]

{[%evp 12,99,20,14,31,22,26,0,38,52,174,165,179,181,164,97,712,710,660,688,891,909,897,893,872,457,447,456,447,220,221,186,200,163,152,143,175,172,173,128,144,126,143,53,342,342,330,297,536,339,328,342,333,342,368,370,363,365,360,358,679,670,640,652,647,625,822,711,691,647,1000,791,6664,6344,5229,4567,29951,29951,12351,10768,29966,29965,29966,29967,29966,29968,29969,29968,12358,10776]} 1. e4 c5 2. Nf3 e6 3. d4 cxd4 4. Nxd4 Nc6 5. Nc3 Qc7 6. Nxc6 bxc6 7. Bd3 e5 {B47: Sicilian: Taimanov: 5 Nc3 Qc7 6 f4, 6 g3 and 6 Be2.} 8. O-O Nf6 9. f4 Bc5+ {The position is equal.} 10. Kh1 O-O (10... Bd6 $14) 11. fxe5 $18 Qxe5 {[#]} 12. Rf5 $146 {[%cal Rf5e5][%mdl 2048] Black is under strong pressure.} ({Predecessor:} 12. Bf4 Qd4 13. e5 Ne8 14. Ne4 Nc7 15. c3 Qd5 16. b4 Be7 17. Qe2 Ba6 18. c4 {1-0 (40) Macovei,A (1717)-Feldman,A Iasi 2012}) 12... Qe7 13. e5 Nd5 $2 {[%mdl 8192]} (13... Ne8 $16) 14. Nxd5 cxd5 15. Bg5 Qe6 {[#]} 16. Bf6 $1 {[%mdl 512] Qh5 is the strong threat.} g6 {[#]} (16... gxf6 17. Rxf6) 17. Rh5 $3 {[%mdl 512] Intending Qc1! and mate.} Be7 (17... gxh5 18. Bxh7+) 18. Bf5 Bxf6 19. Bxe6 fxe6 20. Rh3 (20. exf6 $142 gxh5 21. Qf3 $1 {[%mdl 512]}) 20... Bxe5 21. c3 Bb7 22. Qe2 Bf6 23. Rg3 d4 24. cxd4 Bxd4 25. Rf1 Rxf1+ 26. Qxf1 Rf8 {[%cal Rf8f1] [#]} 27. Qd3 ({White should try} 27. Qd1 $1 $16) 27... Be4 $2 {[%mdl 8192]} (27... Bxb2 $14 28. Rg4 Bg7) 28. Qxd4 Rf1+ 29. Qg1 Rxg1+ 30. Kxg1 {[%mdl 4096] Endgame KR-KB} a6 31. Ra3 Bb7 32. Rb3 Bd5 33. Rb6 Bxa2 34. Rd6 ({Not} 34. Rxa6 Bc4 $16) 34... Kg7 35. Rxd7+ Kf6 $2 (35... Kh6 36. Ra7 Bc4) 36. Rxh7 Bc4 37. Rh4 Bb5 38. Rb4 Kf5 39. Kf2 g5 40. Ke3 e5 41. h4 gxh4 42. Rxh4 Kg5 43. g3 Kf5 44. g4+ Kg5 45. Rh5+ Kxg4 46. Rxe5 Bf1 47. Kd4 Kf4 48. Re8 Bb5 49. Rf8+ Kg3 50. Kc5 {Av CentiPawn Loss W=-104/B=727. Weighted=-83/284} 1-0

[Event "GER-ch Youth U14 2020"]
[Site "Willingen"]
[Date "2020.10.24"]
[Round "7.12"]
[White "Tovmasyan, Minas"]
[Black "Schwartz, Oliver"]
[Result "1/2-1/2"]
[WhiteElo "1658"]
[BlackElo "1794"]
[Annotator "NA RC"]
[PlyCount "73"]
[EventDate "2020.10.20"]
[EventType "swiss"]
[EventRounds "7"]
[EventCountry "GER"]
[SourceTitle "playchess.com"]
[Source "ChessBase"]
[SourceQuality "1"]
[TimeControl "40/5400+30:1800+30"]

1. d4 {[%emt 0:00:00]} Nf6 {[%emt 0:00:00]} 2. c4 {[%emt 0:00:00]} g6 {[%emt 0:00:00]} 3. Nc3 {[%emt 0:00:00]} Bg7 {[%emt 0:00:00]} 4. e4 {[%emt 0:00:00]} d6 {[%emt 0:00:01]} 5. f3 {[%emt 0:00:02]} O-O {[%emt 0:00:08]} 6. Be3 {[%emt 0:00:20]} Nc6 {[%emt 0:00:15]} 7. Nge2 {[%emt 0:08:47]} a6 {[%emt 0:00:44]} 8. Qd2 {[%emt 0:09:50]} Rb8 {[%emt 0:00:18]} 9. Nc1 {[%emt 0:05:54]} e5 {[%emt 0:04:32]} 10. Nb3 {[%emt 0:04:16]} Nh5 {[%emt 0:14:06]} 11. d5 {[%emt 0:05:37]} Ne7 {[%emt 0:05:10]} 12. O-O-O {[%emt 0:07:40]} b5 {[%emt 0:06:42]} 13. cxb5 {[%emt 0:14:59]} axb5 {[%emt 0:00:18]} 14. Bxb5 {[%emt 0:01:34]} Ra8 {[%emt 0:05:49]} 15. a4 {[%emt 0:09:58]} Ba6 {[%emt 0:07:23]} 16. Kc2 {[%emt 0:02:29]} Qc8 {[%emt 0:13:50]} 17. Ra1 {[%emt 0:06:53]} Rd8 {[%emt 0:04:47]} 18. Na5 {[%emt 0:07:55]} Bb7 {[%emt 0:02:36]} 19. Nc6 {[%emt 0:05:36]} Bxc6 {[%emt 0:01:27]} 20. dxc6 {[%emt 0:01:15]} Qe6 {[%emt 0:04:40]} 21. Nd5 {[%emt 0:02:06]} Nxd5 {[%emt 0:01:38]} 22. Qxd5 {[%emt 0:00:51]} Nf6 {[%emt 0:01:30]} 23. Qxe6 {[%emt 0:01:04]} fxe6 {[%emt 0:00:06]} 24. Bg5 {[%emt 0:03:47]} d5 {[%emt 0:01:57]} 25. Bxf6 {[%emt 0:00:49]} Bxf6 {[%emt 0:00:07]} 26. Rhd1 {[%emt 0:00:20]} Be7 {[%emt 0:03:18]} 27. Rd3 {[%emt 0:00:42]} Bb4 {[%emt 0:05:24]} 28. Rad1 {[%emt 0:00:30]} d4 {[%emt 0:01:09]} 29. Kb3 {[%emt 0:00:33]} Be7 {[%emt 0:02:53]} 30. Kc4 {[%emt 0:00:33]} Rdb8 {[%emt 0:00:56]} 31. b3 {[%emt 0:00:27]} Rb6 {[%emt 0:01:27]} 32. Rf1 {[%emt 0:00:38]} Rab8 {[%emt 0:00:41]} 33. Rd2 {[%emt 0:00:24]} Bg5 {[%emt 0:01:44]} 34. Rdd1 {[%emt 0:00:11]} Be3 {[%emt 0:01:38]} 35. g3 {[%emt 0:00:23]} g5 {[%emt 0:00:33]} 36. Kd3 {[%emt 0:00:59]} Kf7 {[%emt 0:01:50]} 37. Ra1 {[%emt 0:00:34]} 1/2-1/2